000 00790cab a2200217 4500
001 ABS68392
008 041020n2004 000 0 eng u
035 _a(Sirsi) u127774
100 _aCousins, D.
245 _aFinding a path through the planning maze
260 _c2004
490 _aFarmers' Weekly
_v141(14) 1 October 2004, 72-73(2)
520 _aExplains how one farming family succeeded in getting planning permission to put up new buildings in open countryside for non-agricultural enterprises. Advises getting a professional in to do the application.
590 _aABS
650 _aPLANNING APPLICATIONS
650 _aPLANNING PERMISSION
650 _aNON-AGRICULTURAL USE
650 _aBUSINESS DEVELOPMENT
690 _aRURAL-FARM BUSINESS MANAGEMENT
942 _n0
999 _c74576
_d74576